2022 World Cup possible squads: QATAR - Statistics

General Stats
  • This quiz has been taken 4 times
  • The average score is 2 of 24
Answer Stats
Role Club Player Name % Correct
Forward Al-Duhail Almoez Ali
100%
Forward Al-Sadd (LOAN) Akram Afif
50%
Defender Eupen (LOAN) Abdelkarim Hassan
0%
Midfielder Al-Arabi Abdulaziz Hatem
0%
Midfielder Al-Duhail Abdullah Al-Ahrak
0%
Forward Al-Gharafa Ahmed Alaaeldin
0%
Midfielder Al-Sadd Ali Assadalla
0%
Midfielder Al-Duhail Assim Madibo
0%
Defender Al-Duhail Bassam Al-Rawi
0%
Defender Al-Arabi Boualem Khoukhi
0%
Coach - F. Sánchez
0%
Forward Al-Sadd Hassan Al-Haydos
0%
Defender Al-Gharafa Homam Ahmed
0%
Forward Lekhwiya SC Ismaeel Mohammad
0%
Midfielder Al-Duhail Karim Boudiaf
0%
Forward Al-Wakrah Khalid Muneer
0%
Goalkeeper Al-Sadd Meshaal Barsham
0%
Forward Al-Duhail Mohammed Muntari
0%
Midfielder Al-Sadd Mohammed Waad
0%
Defender Al-Sadd Musab Kheder
0%
Defender Al-Sadd Ró-Ró
0%
Goalkeeper Al-Sadd Saad Al Sheeb
0%
Defender Al-Sadd Tarek Salman
0%
Goalkeeper Al-Gharafa Yousef Hassan
0%
No matching quizzes found
Score Distribution
Percent of People with Each Score
Percentile by Number Answered
Your Score History
You have not taken this quiz